| 000 | 01244nam a2200289 4500 | ||
|---|---|---|---|
| 001 | 174646 | ||
| 003 | ES-MaACL | ||
| 005 | 20250829122014.0 | ||
| 008 | 920725s1973 sp |||| | lat d | ||
| 017 | _aM 10293-1973 | ||
| 020 | _a84-400-6953-1 | ||
| 080 | _a807.1-5 | ||
| 100 | 0 |
_aJulián _cSanto, Arzobispo de Toledo. _9142843 |
|
| 245 | 1 | 0 |
_aArs Iuliani Toletani Episcopi _b: una gramática latina de la España visigoda / _cestudio y edición critica por María A. H. Maestre Yenes. |
| 260 |
_aToledo : _bInstituto Provincial de Investigaciones y Estudios Toledanos, _c1973. |
||
| 300 |
_aCXII, 244 p. ; _c24 cm. |
||
| 490 | 1 |
_aPublicaciones del Instituto Provincial de Investigaciones y Estudios Toledanos. _aVestigios del pasado ; _v5 |
|
| 500 | _aÍndice. | ||
| 504 | _aBibliografía: p. XV-XVII. | ||
| 600 | 0 | 4 |
_aJulián _cSanto, Arzobispo de Toledo. _9142843 |
| 650 | 0 | 7 |
_aLengua latina- _xGramática. _914300 |
| 700 | 1 |
_aMaestre Yenes, María A. H. _9142844 |
|
| 710 | 2 |
_aInstituto Provincial de Investigaciones y Estudios Toledanos. _95217 |
|
| 830 | 0 | 0 |
_aPublicaciones del Instituto Provincial de Investigaciones y Estudios Toledanos _v5 _9242140 |
| 852 | 4 |
_aES-MaACL _jC-57202 |
|
| 999 |
_c174646 _d174646 |
||